| 000 | 01026nam a2200217Ia 4500 | ||
|---|---|---|---|
| 001 | 18822 | ||
| 003 | GE_BSU | ||
| 008 | 181216s||||||||xx |||||||||||||| ||und|| | ||
| 040 | _cGE_BSU | ||
| 245 | _aსაქართველოს ბიბლიოთეკა :№2(63) 2016 | ||
| 245 | _bკულტურულ-საგანმანათლებლო სამეცნიერო-პოპულარული მეთოდური ჟურნალი | ||
| 245 | _cრედ.: ალექსანდრე ლორია, სარედ კოლ: გურამ თაყნიაშვილი. და სხვ | ||
| 250 | _aჟურნალი გამოდის წელიწადში ოთხჯერ. | ||
| 260 | _aთბილისი | ||
| 260 | _c2016 | ||
| 300 | _a68გვ;ილ,29სმ. | ||
| 520 | _aდედაენა-140 | ||
| 653 | _aპერიოდიკა | ||
| 653 | _aსაქართველოს ბიბლიოთეკა | ||
| 942 | _cCR | ||
| 999 |
_c51827 _d51827 |
||